000 00884nam a2200277 a 4500
001 000109742
003 CHAP
005 20220329144102.0
008 140523s2014 mx |rm |0|||||spa d
010 _a106204
011 _a107176
040 _cCHAP
090 _aTesis
100 1 _aVargas Galicia, Artemio Jovanny
_9127012
245 1 0 _aEvaluación de la suplementación de un probiótico comercial sobre el comportamiento productivo de cerdas y sus camadas /
_cpor Artemio Jovanny Vargas Galicia.
260 _aCocula, Gro. :
_bEl autor,
_c2014.
300 _a63 h.
502 _aTesis (Ing. Agr. Zootecnista) -- CSAEGRO.
590 _aE5652GLJ
_b05
_c20140523
_lUCH01
_h0958
650 1 4 _aCerdos
_xAlimentación.
_921369
650 1 4 _aGanado porcino
_xDestete.
_945354
650 1 4 _aGanado porcino
_xNutrición.
_945390
901 _aBK
942 _cTESIS
942 _n0
999 _c106204
_d106204